The Core (Registro nro. 242263)

Detalles MARC
000 -ENCABEZADO
Número de control [NR] 02166 a2200325 4500
005 - FECHA Y HORA DE LA ÚLTIMA TRANSACCIÓN
control field 20140519133349.0
008 - DE LONGITUD FIJA DE DATOS DE ELEMENTOS - INFORMACIÓN GENERAL
Elementos de longitud fija [NR] 140514s2002 xx g q mlmul d
040 ## - FUENTE DE CATALOGACION [NR]
Agencia de catalogación original [NR] CO-BoUCM
Idioma de catalogación [NR] spa
Quien Cataloga
Quien Clasifica Aldemar Mondragón
041 ## - CODIGO DE IDIOMA [R]
Código de idioma para texto/pista de sonido o título separado [R] Inglés
041 ## - CODIGO DE IDIOMA [R]
Código de idioma para texto/pista de sonido o título separado [R] Español
092 ## - SIGNATURA TOPOGRAFICA LOCAL
Número de clasificación local DVD 1424
245 00 - MENCION DE TITULO [NR]
Título [NR] The Core
Mención de responsabilidad, etc. [NR] Jon Amiel, director
Medio físico [NR] [DVD]
246 13 - FORMA VARIANTE DEL TITULO [R]
Título propiamente dicho/forma breve del título [NR] El Núcleo
260 ## - PUBLICACION, DISTRIBUCION, ETC. (PIE DE IMPRENTA) [R]
Lugar de publicación, distribución, etc. [R] [Lugar desconocido]
Nombre del editor, distribuidor, etc. [R] Paramount Pictures
Fecha de publicación, distribución, etc. [R] 2002
300 ## - DESCRIPCION FISICA [R]
Extensión [R] 1 DVD, 135 minutos
Otros detalles físicos [NR] imagen, sonido, color
500 ## - NOTA GENERAL [R]
Nota general [NR] SINOPSIS: Un geólogo, el doctor Josh Keyes, ha hecho un descubrimiento terrorifico: el núcleo interno de la tierra ha dejado de girar. El campo magnéticodel planeta se está deteriorando, y en unos meses, la tierra será destruida. La única esperanza: el doctor Keyes y un equipo de científicos de élite serán enviados al centro de la tierra en una nave subterránea. Mientras el destino de la humanidad pende de un hilo, los científicos y la tripulación de la nave deben conseguir algo inimaginable: estallar una carga nuclear para reactivar el núcleo
508 ## - NOTA DE CREDITOS DE CREACION/PRODUCCION [R]
Nota de créditos de creación/producción [NR] CRÉDITOS: Dirigida por Jon Amiel ; escrita por Cooper Layne y John Rogers ; producida por Sean Bailey ; música por Christopher Young ; fotografía por John Lindley ; diseño de producción por Philip Harrison ; dirección de arte por Andrew Neskoromny ; ambientación por Lin MacDonald ; vestuario por Daniel J. Lester
511 0# - NOTA DE PARTICIPANTE O INTERPRETE [R]
Nota de participante o intérprete [NR] REPARTO: Aaron Eckhart, Christopher Shyer, Ray Galletti, Hilary Swank, Delroy Lindo, Eileen Pedde, Rekha Sharma, Stanley Tucci, DJ Qualls, Tom Scholte
546 ## - NOTA DE IDIOMA [R]
Nota de idioma [NR] Audio en inglés y español. Subtítulos inglés y español
650 #7 - ASIENTO SECUNDARIO DE MATERIA - TERMINO TEMATICO [R]
9 (RLIN) 51325
Término temático o nombre geográfico como elemento de entrada [NR] Películas de ciencia ficción
Subdivisión de forma [R] DVD
650 #7 - ASIENTO SECUNDARIO DE MATERIA - TERMINO TEMATICO [R]
9 (RLIN) 16364
Término temático o nombre geográfico como elemento de entrada [NR] Geología
Subdivisión de forma [R] DVD
650 #7 - ASIENTO SECUNDARIO DE MATERIA - TERMINO TEMATICO [R]
9 (RLIN) 7626
Término temático o nombre geográfico como elemento de entrada [NR] Fin del mundo
Subdivisión de forma [R] DVD
690 ## - ASUNTO AGREGADO LOCAL DE ENTRADA - TÉRMINO TEMÁTICO (OCLC, RLIN)
9 (RLIN) 42805
Acceso temático local Entretenimiento
700 1# - ASIENTO SECUNDARIO - NOMBRE PERSONAL [R]
Nombre personal [NR] Amiel, Jon
Término de relación [R] director
9 (RLIN) 61067
710 2# - ASIENTO SECUNDARIO - NOMBRE CORPORATIVO [R]
Nombre corporativo o de jurisdicción como elemento de entrada [NR] Paramount Pictures
9 (RLIN) 48549
710 2# - ASIENTO SECUNDARIO - NOMBRE CORPORATIVO [R]
Nombre corporativo o de jurisdicción como elemento de entrada [NR] David Foster
9 (RLIN) 61068
710 2# - ASIENTO SECUNDARIO - NOMBRE CORPORATIVO [R]
Nombre corporativo o de jurisdicción como elemento de entrada [NR] Core Productions
9 (RLIN) 61069
856 40 - LOCALIZACION Y ACCESO ELECTRONICOS [R]
Identificador Uniforme del Recurso (“URI”) [R] <a href="https://www.youtube.com/watch?v=LVkocdkcmAc">https://www.youtube.com/watch?v=LVkocdkcmAc</a>
Nota dirigida al público [R] Siga este enlace para ver el trailer
-- Trailer tomado del canal Paramount Movies vía YouTube.com
942 ## - ELEMENTOS DE ENTRADA AGREGADOS (KOHA)
Source of classification or shelving scheme LOCAL
Tema principal Entretenimiento
Koha item type Multimedia
Edition 1
Existencias
Suprimido Perdido Sistema de clasificación Dañado No prestable Tipo de ítem específico Ubicación habitual Ubicación actual Localización Fecha de creación Proveedor Forma de adquisición Costo Total préstamos Total Renewals Signatura topográfica Código de barras Última vez visto Fecha de último préstamo Ejemplar Costo de reposición Price effective from Tipo de ítem
    LOCAL     DVD Claustro Claustro Colección digital 18/02/2014 12 Donación 26000.00 3 2 DVD 1424 100142175 10/12/2024 26/08/2017 Ej.2 26000.00 18/02/2014 Multimedia
    LOCAL   Préstamo restringido DVD Procesos Técnicos (no para préstamo) Procesos Técnicos (no para préstamo) Procesos Técnicos 18/02/2014 12 Donación 26000.00     DVD 1424 100141341 09/12/2025   Ej.1 26000.00 18/02/2014 Multimedia